00326 2200145 4500001002100000005001500021035002000036245003400056100001600090300001200106260002700118082000800145084001400153990001300167INLIS00000000000236920250528112703 a0010-05250006611 aInspiring Love /cA. Sutiknya0 aA. Sutiknya a172 hlm bPustaka Anggrek,c2006 a813 a813 A. i a07.12271